| 000 | 00548cam a2200181 4500500 | ||
|---|---|---|---|
| 005 | 20260405002415.0 | ||
| 041 | _afre | ||
| 042 | _adc | ||
| 245 | 0 | 0 | _aLe temps des moines. Clôture et hospitalité |
| 260 | _c2017. | ||
| 500 | _a3 | ||
| 690 | _achristianisme | ||
| 690 | _aDanièle Hervieu-Léger | ||
| 690 | _aMoine | ||
| 690 | _aUtopie | ||
| 786 | 0 | _nPhilosophie magazine | 107 | 3 | 2017-03-01 | p. 57-57 | 1951-1787 | |
| 856 | 4 | 1 | _uhttps://shs.cairn.info/magazine-philosophie-magazine-2017-3-page-57?lang=fr&redirect-ssocas=7080 |
| 999 |
_c2057434 _d2057434 |
||